Landlocked Asia Countries - Sudden Death - Statistics

General Stats
  • This quiz has been taken 63 times
    61 since last reset
  • The average score is 8 of 12
Answers on the Grid
Answers color-coded by a green-red scale on the quiz's grid according to % correct below.
Afghanistan
Armenia
Azerbaijan
Bahrain
Bangladesh
Bhutan
Brunei
Cambodia
China
Georgia
India
Indonesia
Iran
Iraq
Israel
Japan
Jordan
Kazakhstan
Kuwait
Kyrgyzstan
Laos
Lebanon
Malaysia
Maldives
Mongolia
Myanmar
Nepal
North Korea
Oman
Pakistan
Philippines
Qatar
Russia
Saudi Arabia
Singapore
South Korea
Sri lanka
Syria
Taiwan
Tajikistan
Thailand
Turkey
Turkmenistan
United Arab Emirates
Uzbekistan
Vietnam
Yemen
 
Answer Stats
Answer % Correct
Afghanistan
78%
Mongolia
76%
Bhutan
71%
Nepal
71%
Kazakhstan
67%
Kyrgyzstan
63%
Uzbekistan
63%
Laos
61%
Tajikistan
61%
Armenia
59%
Turkmenistan
57%
Azerbaijan
55%
No matching quizzes found
Score Distribution
Percent of People with Each Score
Percentile by Number Answered
Your Score History
You have not taken this quiz since the last reset